Statistics for Greek Mythology

Click here to take the quiz!

General Stats

  • This quiz has been taken 1,410 times
  • The average score is 11 of 17

Answer Stats

Hint Answer % Correct
Brother of Zeus, ruler of the UnderworldHades
93%
Strangled a snake while still in his baby cribHeracles
89%
A flying horse, long before LSDPegasus
87%
God of wine and joyDionysus
82%
Killed the Medusa, married AndromedaPerseus
81%
The greatest Greek hero of the Trojan WarAchilles
79%
Virgin sister of ApolloArtemis
78%
Flew too close to the sun, now has an island named after himIcarus
75%
Took him 20 years to get back homeOdysseus
72%
Killed the MinotaurTheseus
67%
Prince of Troy and ultimately the cause of its demiseParis
62%
Was very fond of his mother, of his father not so muchOedipus
47%
Rode a bull, named a continentEurope
45%
Famous centaur who trained heroesCheiron
43%
She used to turn men to pigs – literallyCirce
41%
She’d rather be a laurel tree than give in to ApolloDaphne
25%
Zeus had to become a swan to get near herLeda
19%

Score Distribution

Percentile by Number Answered

Percent of People with Each Score

Your Score History

You have not taken this quiz